000 00445nam a2200193Ia 4500
008 240510s9999 xx 000 0 und d
020 _a085934326X
041 _aEng
082 _a004.66
082 _bW34
100 _aWILSON F.A.
245 3 _aAN INTRODUCTION TO SATELLITE COMMUNICATIONS
260 _bLONDON : BERNARD BABANI
260 _c1993
300 _a230 p.
650 _aDATA COMMUNICATION
942 _2ddc
942 _cLBK
999 _c26161
_d26161
945 _a1
_bMadushi Gamage
_c1
_dMadushi Gamage